| 000 | | | 04515cam0a2200325#x 450 |
| 001 | | | 4dd14ee4-4445-4078-aa05-2d9c5e1df572 |
| 005 | | | 20210623092345.0 |
| 100 | ## | $a | 20210621j19410301k###0rusy50 ca |
| 101 | 0# | $a | rus |
| 102 | ## | $a | RU |
| 105 | ## | $a | y###z######z# |
| 122 | 0# | $a | d19410301## |
| 200 | 1# | $a | Из дневника первого заместителя наркома иностранных дел СССР А. Я. Вышинского - запись беседы с посланником Болгарии в СССР И. Стаменовым в связи с присоединением Болгарии к Тройственному пакту |
| | $j | 1 марта 1941 г. |
| 251 | ## | $c | Документ |
| 300 | ## | $a | Заверенная копия |
| 461 | #0 | $1 | 2001 |
| | $a | Ф. 07 |
| | $1 | 251 |
| | $c | Фонд |
| | $1 | 852 |
| | $j | 07 |
| 462 | #0 | $1 | 2001 |
| | $a | Оп. 2. П. 9 |
| | $1 | 251 |
| | $c | Опись |
| | $1 | 852 |
| | $j | 2. П. 9 |
| 462 | #0 | $1 | 2001 |
| | $a | Д. 29 |
| | $v | Л. 14-15 |
| | $1 | 251 |
| | $c | Дело |
| | $1 | 852 |
| | $j | 29 |
| 605 | ## | $2 | prlib_sh |
| | $3 | LIBNET\UAF\0000088514 |
| | $a | Вторая мировая война в архивных документах (Комплекс оцифрованных архивных документов, кино- и фотоматериалов) |
| | $l | коллекция |
| 617 | ## | $2 | prlib_sh |
| | $a | Болгария |
| | $f | 1941 |
| 617 | ## | $2 | prlib_sh |
| | $a | СССР |
| | $f | 1941 |
| 686 | ## | $a | 63.3(0)621-612ю11 |
| | $v | LBC/M |
| | $2 | rubbk |
| 686 | ## | $a | 63.3(4Бол)621-612ю11 |
| | $v | LBC/M |
| | $2 | rubbk |
| 686 | ## | $a | 63.3(2)621-64ю11 |
| | $v | LBC/M |
| | $2 | rubbk |
| 801 | #0 | $a | RU |
| | $b | ПБ им. Б.Н. Ельцина |
| | $c | 20210621 |
| 801 | #1 | $a | RU |
| | $b | ПБ им. Б.Н. Ельцина |
| | $c | 20210621 |
| | $2 | rusmarc |
| 801 | #2 | $a | RU |
| | $b | ПБ им. Б.Н. Ельцина |
| | $c | 20210623 |
| | $2 | rusmarc |
| 850 | ## | $a | Архив внешней политики Российской Федерации |
| 852 | ## | $a | АВП РФ |
| | $j | Л. 14-15 |
| 856 | 4# | $n | ПБ им. Б.Н. Ельцина |
| | $u | http://readingroom.main.prlib.ru/item.aspx?id_node=n165228075&mode=full |
| 035 | ## | $a | LIBNET\0001163150 |
| 937 | ## | $d | 165228075 |
| | $h | Федеральное архивное агентство |